000 00429nam a2200157 i 4500
001 20650
003 ES-MaACL
005 20230906152335.0
007 t|
008 021115s1965 sp ||||1| spa d
100 1 _aAcquaroni, José Luis.
_918327
245 1 0 _aNuevas de este lugar /
_cJosé Luis Acquaroni.
260 _aMadrid :
_bEditora Nacional,
_c1965.
300 _a188 p. ;
_c22 cm.
852 _aES-MaACL
_jG-766
_bR.56152
999 _c20650
_d20650